| 000 | 00727cab a2200241 4500 | ||
|---|---|---|---|
| 001 | WB3501-72 | ||
| 008 | 090401t1999 xxu||||| |||| 00| 0 eng d | ||
| 035 | _a(Sirsi) u90522 | ||
| 041 | _aeng | ||
| 245 | _aTax on London motorists | ||
| 260 | _c1999 | ||
| 350 | _a0 | ||
| 490 |
_aFinancial Times _v4 January 1999, 10(1) |
||
| 520 | _aThe Greater London Authority bill is to be amended to ensure that the proceeds of new taxes on motorists can be kept by the new elected mayor of London for at least 10 years. | ||
| 650 | _aCAR USE | ||
| 650 | _aGREATER LONDON AUTHORITY BILL (HC) 2006 | ||
| 650 | _aLONDON | ||
| 650 | _aTAXES | ||
| 650 | _aTRANSPORT | ||
| 690 | _aTAXATION | ||
| 942 | _n0 | ||
| 948 | _c05/01/1999 | ||
| 999 |
_c57401 _d57401 |
||